000 00337 a2200157 4500
001 192985
020 _a85-322-3822-X
040 _cMagnum
100 _aGaldino, Luiz
240 1 0 _aA maldição de édipo
_lpor
245 1 0 _aA maldição de édipo
300 _a110
362 0 _a1998
697 _aLITERATURA JUVENIL
942 _cBK
999 _c192985
_d192985